Жаалхүү Карлсон хоёрын тухай гурван тууж (Бичлэгийн дугаар. 1092873)

MARC дэлгэрэнгүй
000 -Удирдлага
Ном зүйн бүртгэл тоо буюу кодлох утгыг агуулсан 00605nam a22002057a 4500
008 - ЕРӨНХИЙ МЭДЭЭЛЭЛ-ЭЛЕМЕНТҮҮДИЙН ӨГӨГДЛИЙН УРТ
fixed length control field 240702b mp ||||| |||| 00| 0 mon d
035 ## - СИСТЕМИЙН ХЯНАЛТЫН ДУГААР
Системийн хяналтын дугаар 24959
040 ## - ЭХ СУРВАЛЖИЙГ ТОДОРХОЙЛОН БИЧИХ
Анхны каталогийн байгууллага ZA2481090
Каталогийн хэл Монгол
Бичлэг хийж нэвтрүүлэх байгууллага MN-UlNLM
Өөрчлүүлэх байгууллага MN-UlNLM
Бичиглэлийн тодорхойлолт rda
041 ## - ХЭЛНИЙ КОД
Текстийн хэлний код/фонограм буюу салангид гарчиг Монгол
042 ## - AUTHENTICATION CODE
Authentication code 55205
084 ## - БУСАД АНГИЛЛЫН ДУГААР
Ангиллын нэр Номын сан номзүйн ангилал
Анги 84/4шв/-44
Зохиогчийн 3-н тэмдэгт Л-58
100 ## - ЗОХИОГЧИЙН ХЭСЭГ
Зохиогчийн нэр Линдгрен А.
245 #0 - ҮНДСЭН ГАРЧИГ
Гарчиг Жаалхүү Карлсон хоёрын тухай гурван тууж
264 ## - ГАРАЛТЫН МЭДЭЭ
Хэвлэгдсэн газар улаанбаатар
300 ## - ТООНЫ МЭДЭЭ
Хуудасны тоо 282х.
336 ## - АГУУЛГЫН ТӨРӨЛ
Нөөц rdacontent
Агуулгын төрлийн нөхцөл text
Агуулгын төрлийн код txt
337 ## - MEDIA TYPE
Эх сурвалж rdamedia
Файлын төрөл unmediated
Файлын код n
338 ## - CARRIER TYPE
Source rdacarrier
Carrier type term volume
Carrier type code nc
942 ## - ЭЛЕМЕНТИЙН ТӨРӨЛ
Анги Номын сан номзүйн ангилал
Төрөл Ном
Захиалгууд
Буцаан татагдсан төлөв Хасагдсан шалтгаан Гэмтсэн төлөв Данс заагч Захиалах боломжгүй Үндсэн номын сан Одоогийн байршил Салбар танхим Салбар танхим Бүртгэсэн огноо Тавиурын заалт Баркод Үнэ Хамгийн сүүлд байсан огноо Нийт уншлаганд гарсан тоо Дансны дугаар Төрөл
          Завхан аймаг Завхан аймаг Завхан | Гэрээр ном олгох танхим Завхан | Гэрээр ном олгох танхим 2024-07-06 84/4шв/-44 Л-58 ZA24824959-1-1 5000.00 2024-07-06   105282 Ном
          Завхан аймаг Завхан аймаг Завхан | Гэрээр ном олгох танхим Завхан | Гэрээр ном олгох танхим 2024-07-06 84/4шв/-44 Л-58 ZA24824959-1-2 5000.00 2024-07-06   105283 Ном
          Завхан аймаг Завхан аймаг Завхан | Хүүхдийн уншлагын танхим Завхан | Хүүхдийн уншлагын танхим 2024-07-06 84/4шв/-44 Л-58 ZA24824959-2-1 5000.00 2024-07-06   105284 Ном
          Завхан аймаг Завхан аймаг Завхан | Хүүхдийн уншлагын танхим Завхан | Хүүхдийн уншлагын танхим 2024-07-06 84/4шв/-44 Л-58 ZA24824959-2-2 5000.00 2024-07-06   105285 Ном
          Завхан аймаг Завхан аймаг Завхан | Нийтийн уншлагын танхим Завхан | Нийтийн уншлагын танхим 2024-07-06 84/4шв/-44 Л-58 ZA24824959-3-1 5000.00 2024-07-06   105286 Ном
          Завхан аймаг Завхан аймаг Завхан | Нийтийн уншлагын танхим Завхан | Нийтийн уншлагын танхим 2024-07-06 84/4шв/-44 Л-58 ZA24824959-3-2 5000.00 2024-07-06   105287 Ном